Essays in Jaina Philosophy and Religion (Record no. 23108)

MARC details
000 -LEADER
fixed length control field 00337nam a22001337a 4500
020 ## - INTERNATIONAL STANDARD BOOK NUMBER
ISBN 9788120819772
082 ## - DEWEY DECIMAL CLASSIFICATION NUMBER
Classification number 181.044 BAL
100 ## - MAIN ENTRY--AUTHOR NAME
Author name Balcerowicz, Piotr
245 ## - TITLE STATEMENT
Title Essays in Jaina Philosophy and Religion
260 ## - PUBLICATION, DISTRIBUTION, ETC. (IMPRINT)
Place of publication Delhi
Name of publisher Motilal Banarsidas Publishers
Year of publication 2003
300 ## - PHYSICAL DESCRIPTION
Number of Pages 308
650 ## - SUBJECT ADDED ENTRY--TOPICAL TERM
Topical Term Philosophy-Jainism
942 ## - ADDED ENTRY ELEMENTS (KOHA)
Koha item type Books
Holdings
Collection code Home library Current library Shelving location Date acquired Source of acquisition Cost, normal purchase price Full call number Accession Number Koha item type
Non-fiction Henry Martyn Institute Library Henry Martyn Institute Library General stacks 09/15/2020 Dasgupta Publishers, Kolkata 495.00 181.044 BAL 25784 Books
                   Copyright © 2026 | Henry Martyn Institute | Hyderabad | TS-500052 | INDIA | Implemented by hmi.edu.in
Hit-Count:

Powered by Koha